000 00677nam a2200265Ia 4500
003 OSt
005 20220918163226.0
006 a|||||r|||| 00| 0
007 ta
008 220917b |||||||| |||| 00| 0 eng d
020 _a0 370 30360 1
024 _a30,967
037 _cTextual
040 _aARTS
_cARTS
_beng
041 _2eng
_aeng
082 _aO111,3M70x, M0
100 _aSaki
_912143
245 0 _aComplete works
260 _aLondon
_bBodley Head UK
_c1980
300 _a944p.
_ccm.
650 _aENGLISH LITERATURE
700 _a Munro H H
_912144
942 _hO111,3M70x, M0
_cTEXL
_2CC
999 _c118587
_d118587